The seeds of dissent (Record no. 118346)
[ view plain ]
| 000 -LEADER | |
|---|---|
| fixed length control field | 01832cam a2200313 4500 |
| 001 - CONTROL NUMBER | |
| control field | ABS68462 |
| 008 - FIXED-LENGTH DATA ELEMENTS--GENERAL INFORMATION | |
| fixed length control field | 041122n2004 000 0 eng u |
| 035 ## - SYSTEM CONTROL NUMBER | |
| System control number | (Sirsi) u128069 |
| 100 ## - MAIN ENTRY--PERSONAL NAME | |
| Personal name | Murdoch, J. |
| 245 #4 - TITLE STATEMENT | |
| Title | The seeds of dissent |
| 260 ## - PUBLICATION, DISTRIBUTION, ETC. | |
| Date of publication, distribution, etc. | 2004 |
| 490 ## - SERIES STATEMENT | |
| Series statement | Estates Gazette |
| Volume/sequential designation | (0446) 13 November 2004, 149(1) |
| 520 ## - SUMMARY, ETC. | |
| Summary, etc. | Discusses the extent of lenders' obligations to achieve a proper price for repossessed property in the light of a recent case "Michael v Miller" ([2004] EWCA Civ 282, [2004] PLSCS 70). In this repossession case the judge had used the margin of error principle in determining the market value of the property for sale. Whilst the appellants counsel deemed this principle to be useful in valuer negligence claims, in this case it was considered inappropriate because the key point was whether the lenders through their agent had taken all reasonable steps to get the best sale price reasonably attainable, which the appellants claimed they had not. CA did not accept this argument and concurred that the margin of error principle was as appropriate to claims against mortgagees as against valuers and useful to a court in answering questions about a lender's judgement on reasonable price. View judgment at www.bailii.org. |
| 590 ## - LOCAL NOTE (RLIN) | |
| Local note | ABS |
| 590 ## - LOCAL NOTE (RLIN) | |
| Local note | ABS |
| 650 ## - SUBJECT ADDED ENTRY--TOPICAL TERM | |
| Topical term or geographic name entry element | REASONABLE PRICE |
| 650 ## - SUBJECT ADDED ENTRY--TOPICAL TERM | |
| Topical term or geographic name entry element | VALUERS |
| 650 ## - SUBJECT ADDED ENTRY--TOPICAL TERM | |
| Topical term or geographic name entry element | NEGLIGENCE |
| 650 ## - SUBJECT ADDED ENTRY--TOPICAL TERM | |
| Topical term or geographic name entry element | MORTGAGEES |
| 650 ## - SUBJECT ADDED ENTRY--TOPICAL TERM | |
| Topical term or geographic name entry element | LENDERS |
| 650 ## - SUBJECT ADDED ENTRY--TOPICAL TERM | |
| Topical term or geographic name entry element | BORROWERS |
| 650 ## - SUBJECT ADDED ENTRY--TOPICAL TERM | |
| Topical term or geographic name entry element | MICHAEL V MILLER |
| 650 ## - SUBJECT ADDED ENTRY--TOPICAL TERM | |
| Topical term or geographic name entry element | MARGIN OF ERROR |
| 650 ## - SUBJECT ADDED ENTRY--TOPICAL TERM | |
| Topical term or geographic name entry element | REPOSSESSION |
| 690 ## - LOCAL SUBJECT ADDED ENTRY--TOPICAL TERM (OCLC, RLIN) | |
| Topical term or geographic name as entry element | PROFESSIONAL PRACTICE |
| 856 ## - ELECTRONIC LOCATION AND ACCESS | |
| Uniform Resource Identifier | <a href="https://www.bailii.org/ew/cases/EWCA/Civ/2004/282.html">https://www.bailii.org/ew/cases/EWCA/Civ/2004/282.html</a> |
| Public note | View the judgment on the BAILII website... |
| 856 ## - ELECTRONIC LOCATION AND ACCESS | |
| Uniform Resource Identifier | <a href="https://www.bailii.org/ew/cases/EWCA/Civ/2004/282.html">https://www.bailii.org/ew/cases/EWCA/Civ/2004/282.html</a> |
| Public note | View the judgment on the BAILII website... |
| 942 ## - ADDED ENTRY ELEMENTS (KOHA) | |
| Suppress in OPAC | 0 |
| Withdrawn status | Lost status | Source of classification or shelving scheme | Damaged status | Not for loan | Home library | Current library | Shelving location | Date acquired | Total Checkouts | Full call number | Barcode | Date last seen | Copy number | Price effective from | Koha item type |
|---|---|---|---|---|---|---|---|---|---|---|---|---|---|---|---|
| Dewey Decimal Classification | London | London | Journal article | 22/11/2004 | ABS68462 | 128069-1001 | 06/08/2019 | 1 | 06/08/2019 | Journal article |